[Event "Hampstead U2200 Open Aug 2013"]
[Site "Hampstead"]
[Date "2013.08.24"]
[Round "1"]
[White "Willmoth, Robert"]
[Black "Mondal, Prince"]
[Result "0-1"]
[WhiteElo "2174"]
[BlackElo "1933"]
[EventRounds "6"]

1. Nf3 c5 2. b3 Nf6 3. Bb2 d5 4. e3 Nc6 5. Bb5 e6 6. O-O Be7 7. d3 O-O 8. Bxc6
bxc6 9. Ne5 Qc7 10. f4 Nd7 11. Qh5 f6 12. Nf3 Nb6 13. Nbd2 Bd7 14. Rae1 a5 15.
a4 Rfb8 16. Ba3 Be8 17. Qh3 Bf7 18. c4 Rd8 19. Qg3 dxc4 20. dxc4 Rd3 21. Qf2
Nxa4 22. Qe2 Rad8 23. Nd4 Rc3 24. Nb1 cxd4 25. Bxe7 Qxe7 26. Nxc3 Nxc3 27. Qb2
c5 28. Ra1 Ne4 29. exd4 cxd4 30. Rfe1 Bg6 31. g4 Qc5 32. Rad1 d3+ 33. Kg2 Qc6
34. Kg1 Qd6 {#R} 0-1

[Event "Hampstead U2200 Open Aug 2013"]
[Site "Hampstead"]
[Date "2013.08.24"]
[Round "1"]
[White "Shaw, Dashiell L"]
[Black "Horton, Justin"]
[Result "0-1"]
[WhiteElo "1927"]
[BlackElo "2090"]
[EventRounds "6"]

1. e4 e6 2. d4 d5 3. Nd2 Be7 4. Bd3 c5 5. dxc5 Nf6 6. exd5 Qxd5 7. Ngf3 Nbd7
8. b4 a5 9. Bc4 Qc6 10. c3 b6 11. O-O bxc5 12. b5 Qc7 13. a4 Bb7 14. Qe2 O-O
15. Ba3 Nb6 16. Bb3 Nbd5 17. Bxd5 Nxd5 18. Ne4 Rfe8 19. Bb2 Rad8 20. Rad1 c4
21. Ned2 Nf4 22. Qxc4 Qb8 23. Qb3 Rd3 24. Qc2 Qa8 25. Rfe1 Bxf3 26. gxf3 Rxf3
27. Qe4 Qxe4 28. Nxe4 f5 29. Ng3 Bc5 30. Rd2 Nh3+ 31. Kg2 Rxf2+ 32. Rxf2 Nxf2
33. Re2 Nd3 34. Kf3 g6 35. Rd2 e5 36. Ke2 e4 37. c4 f4 38. Nxe4 Nxb2 39. Kf3
Nxc4 40. Rd5 Be7 41. Kxf4 Nb6 42. Rd4 Rd8 43. Rxd8+ Bxd8 44. Ke5 Bc7+ 45. Ke6
Bxh2 46. Nc3 Kg7 47. Nd5 Nxa4 48. b6 Nc5+ 49. Ke7 a4 50. Nc7 a3 51. Ne8+ Kh6
{#R} 0-1

[Event "Hampstead U2200 Open Aug 2013"]
[Site "Hampstead"]
[Date "2013.08.24"]
[Round "1"]
[White "Doci, Stefan"]
[Black "Landau, Jonathan"]
[Result "1-0"]
[WhiteElo "2076"]
[BlackElo "1924"]
[EventRounds "6"]

1. d4 e5 2. dxe5 Nc6 3. Nf3 Qe7 4. e3 Nxe5 5. Nbd2 Nf6 6. b3 d5 7. Bb2 Nxf3+
8. Qxf3 Be6 9. Bd3 O-O-O 10. O-O Nd7 11. c4 Nc5 12. Be2 h5 13. h3 Rh6 14. Bd4
g5 15. cxd5 Rxd5 16. Qg3 Qd7 17. Nc4 Ne4 18. Qh2 g4 19. Bxa7 g3 20. fxg3 b5
21. Bf3 bxc4 22. Bxe4 Ra5 23. Bd4 h4 24. b4 Ra3 25. g4 Bd6 26. Be5 Rxe3 27.
Qf4 Bxe5 28. Qxe5 Qd2 29. Rad1 Qe2 30. Qa5 Rd3 31. Qa6+ Kd7 32. Bxd3 cxd3 33.
Rxd3+ {#r} 1-0

[Event "Hampstead U2200 Open Aug 2013"]
[Site "Hampstead"]
[Date "2013.08.24"]
[Round "1"]
[White "Tillett, Matthew"]
[Black "Kahn, Tito"]
[Result "1/2-1/2"]
[WhiteElo "1922"]
[BlackElo "2020"]
[EventRounds "6"]

1. e4 c5 2. Nc3 e6 3. g3 Nc6 4. Bg2 a6 5. d3 b5 6. Be3 Bb7 7. f4 Qc7 8. Nf3 d6
9. O-O Nf6 10. h3 Be7 11. Qd2 b4 12. Ne2 e5 13. g4 Nd4 14. Ng3 Nd7 15. c3 bxc3
16. bxc3 Nxf3+ 17. Bxf3 g6 18. Bg2 Bf6 19. f5 Bh4 20. Kh2 h5 21. g5 Bxg3+ 22.
Kxg3 O-O 23. c4 Bc6 24. h4 Rab8 25. Bh3 Nb6 26. fxg6 fxg6 27. Be6+ Kg7 28. Qg2
Bd7 29. Qh3 Bxe6 30. Qxe6 Rbe8 31. Qh3 Nc8 32. Rxf8 Rxf8 33. Rf1 Rxf1 34. Qxf1
Qd7 35. Qf6+ Kh7 36. Qf3 Na7 37. Kf2 Kg8 38. Ke2 Qf7 39. Qxf7+ Kxf7 40. Kd2
Nc6 41. a3 a5 42. a4 Nb4 43. Kc3 Ke6 44. Bd2 Kd7 45. Be1 Nc6 46. Bf2 Nd4 47.
Be1 Ke6 48. Bf2 Nc6 49. Be1 Nd4 50. Bf2 Ne2+ 51. Kd2 Nd4 52. Kc3 {#d} 1/2-1/2

[Event "Hampstead U2200 Open Aug 2013"]
[Site "Hampstead"]
[Date "2013.08.24"]
[Round "1"]
[White "Craft, Isaac"]
[Black "Sagues, Vincent"]
[Result "1-0"]
[WhiteElo "2010"]
[BlackElo "1919"]
[EventRounds "6"]

1. d4 Nf6 2. c4 g6 3. Nc3 d5 4. cxd5 Nxd5 5. e4 Nxc3 6. bxc3 Bg7 7. Qa4+ Qd7
8. Qa3 O-O 9. Nf3 Qd6 10. Qb3 b6 11. e5 Qd8 12. Be3 Bb7 13. Be2 Nc6 14. O-O
Na5 15. Qb4 h6 16. Rfd1 e6 17. Rac1 Nc6 18. Qb1 Ne7 19. c4 Bxf3 20. Bxf3 c6
21. Rd3 Qd7 22. Rcd1 Rfd8 23. Be4 Rac8 24. Qc1 Kh7 25. Qd2 Qc7 26. f4 Rd7 27.
g4 Rcd8 28. Qf2 f5 29. exf6 Bxf6 30. g5 Bh8 31. Qh4 Bg7 32. gxh6 Bh8 33. Qg4
Nf5 34. h4 Rg8 35. Kf2 Rf7 36. Rg1 Qd8 37. h5 gxh5 38. Qxh5 Qf6 39. Rg5 Rg6
40. Rd1 Rxh6 41. Qg4 Bg7 42. d5 Kh8 43. dxe6 Nxe3 44. Kxe3 Qc3+ 45. Bd3 Qd4+
46. Kf3 Re7 47. Rh5 Qf6 48. Rdh1 Rxh5 49. Rxh5+ Kg8 50. Bh7+ Kh8 51. Bg6+ Kg8
52. Bf7+ Rxf7 53. exf7+ Kf8 54. Qc8+ Ke7 55. Qb7+ Kf8 56. Re5 Bh6 57. Qc8+
Kxf7 58. Rf5 {#r} 1-0

[Event "Hampstead U2200 Open Aug 2013"]
[Site "Hampstead"]
[Date "2013.08.24"]
[Round "1"]
[White "Barasi, Paul"]
[Black "Prior, Stephen"]
[Result "0-1"]
[WhiteElo "1914"]
[BlackElo "2006"]
[EventRounds "6"]

1. d4 g6 2. e4 Bg7 3. Nc3 d6 4. Be3 a6 5. Qd2 Nd7 6. f3 b5 7. Nh3 Bb7 8. a4 b4
9. Nd1 a5 10. Bc4 h6 11. O-O Nb6 12. Bb5+ c6 13. Bd3 d5 14. e5 Nc4 15. Qe2
Nxe3 16. Qxe3 e6 17. c3 Ne7 18. Qe2 Qb6 19. Rc1 O-O 20. Ne3 Rac8 21. Ng4 c5
22. Nf6+ Bxf6 23. exf6 Nf5 24. Qf2 cxd4 25. g4 Ne3 26. Qh4 e5 27. f4 dxc3 28.
Rf2 cxb2 29. Rcf1 Nxf1 30. fxe5 Rc1 31. Kg2 d4+ {#R} 0-1

[Event "Hampstead U2200 Open Aug 2013"]
[Site "Hampstead"]
[Date "2013.08.24"]
[Round "1"]
[White "French, Angus"]
[Black "Bryant, Jonathan"]
[Result "1-0"]
[WhiteElo "2003"]
[BlackElo "1911"]
[EventRounds "6"]

1. e4 e6 2. d4 d5 3. Nc3 dxe4 4. Nxe4 Bd7 5. Nf3 Bc6 6. Bd3 Nd7 7. O-O Ngf6 8.
Nxf6+ Nxf6 9. c3 Bxf3 10. Qxf3 c6 11. Re1 Bd6 12. Bg5 O-O 13. Rad1 Re8 14. Bb1
Be7 15. Qd3 g6 16. a3 Nd5 17. Bh6 Bg5 18. Bxg5 Qxg5 19. Re5 Qf6 20. Rde1 Rad8
21. g3 Qg7 22. Ba2 Qf8 23. Qf3 Qg7 24. c4 Nc7 25. Qf4 Qf8 26. Ra5 Na6 27. Kg2
Qd6 28. Qxd6 Rxd6 29. d5 c5 30. b4 cxb4 31. c5 Rdd8 32. c6 bxc6 33. dxe6 Kf8
34. Rxa6 bxa3 35. Rxa7 fxe6 36. Rxa3 e5 37. Ra7 Ra8 38. Rf7+ Kg8 39. Bc4 Kh8
40. Rc7 Rac8 41. Rxc8 Rxc8 42. Rxe5 Rc7 43. Rc5 Kg7 44. Bd5 g5 45. Rxc6 Re7
46. Rb6 Re5 47. Rb7+ Kf6 48. Bc4 h6 49. Bd3 Rd5 50. Rb6+ Ke5 51. Be2 {#r} 1-0

[Event "Hampstead U2200 Open Aug 2013"]
[Site "Hampstead"]
[Date "2013.08.24"]
[Round "1"]
[White "Giles, Yasmin"]
[Black "Heaton, Paul"]
[Result "0-1"]
[WhiteElo "1882"]
[BlackElo "2002"]
[EventRounds "6"]

1. e4 c5 2. Nc3 Nc6 3. Bb5 Nd4 4. Nf3 Nxb5 5. Nxb5 a6 6. Nc3 d6 7. d4 cxd4 8.
Nxd4 g6 9. O-O Bg7 10. Be3 Nf6 11. h3 O-O 12. a4 Bd7 13. Qd2 Re8 14. a5 Qc7
15. Kh1 Rac8 16. Rfe1 Qc4 17. f3 Qb4 18. Reb1 h5 19. Nde2 Qc4 20. Bd4 Qc7 21.
Re1 Bc6 22. Nc1 Nd7 23. Bxg7 Kxg7 24. Nd3 b5 25. Nb4 Bb7 26. Ncd5 Qc5 27. c3
Ne5 28. Qd4 Kg8 29. Rec1 Nc6 30. Qd2 Ne5 31. b3 Bxd5 32. Qxd5 Qxd5 33. exd5
Ra8 34. Ra2 Nd7 35. Kg1 Nc5 36. Rb1 e6 37. Kf1 exd5 38. Nxd5 Re5 39. c4 Rb8
40. Nb6 b4 41. Rd2 Re3 42. Rxd6 Rxb3 43. Rbd1 Ra3 44. R6d5 Ne6 45. Rb1 b3 46.
Rb2 Rd8 47. Rxd8+ Nxd8 48. c5 Nc6 49. Nc4 Ra1+ 50. Ke2 Ra2 51. Kd3 Nxa5 52.
Nxa5 Rxb2 53. c6 Rc2 54. Nc4 Rxc4 55. Kxc4 b2 56. c7 b1=Q 57. c8=Q+ Kg7 58.
Qe8 Qf1+ 59. Kd4 Qxg2 60. Qe5+ Kh7 61. Qf4 Qb2+ 62. Kd3 Qb3+ 63. Ke2 a5 64.
Qg5 a4 65. f4 Qxh3 {#R} 0-1

[Event "Hampstead U2200 Open Aug 2013"]
[Site "Hampstead"]
[Date "2013.08.24"]
[Round "1"]
[White "Galan Fernandez, Felix"]
[Black "Marshall, Michael"]
[Result "1-0"]
[WhiteElo "2000"]
[BlackElo "1839"]
[EventRounds "6"]

1. e4 c5 2. Nf3 e6 3. d4 cxd4 4. Nxd4 Nc6 5. Nb3 Qc7 6. Be2 Nf6 7. N1d2 d5 8.
exd5 Nxd5 9. O-O Be7 10. Nf3 b6 11. Re1 Bb7 12. c4 Nf4 13. Bxf4 Qxf4 14. Qc1
Qxc1 15. Nxc1 O-O 16. a3 a5 17. Nd3 Rfd8 18. Rac1 Ba6 19. Nde5 Nxe5 20. Nxe5
Bb7 21. Red1 Rxd1+ 22. Rxd1 Rd8 23. Nd7 Bc6 24. Nxb6 Rb8 25. c5 Bxc5 26. Rc1
Bxb6 27. Rxc6 Kf8 28. b4 axb4 29. axb4 Ke7 30. g3 e5 31. Kg2 Kd7 32. b5 Bd8
33. Bc4 Ke7 34. Kf3 Rb6 35. Rc8 Kd7 36. Ra8 Rf6+ 37. Ke4 Rxf2 38. Kxe5 Rf6 39.
Ra7+ Bc7+ 40. Ke4 Rb6 41. Ra8 Bd8 42. g4 f6 43. h4 Rd6 44. Bd5 h6 45. Ra7+ Bc7
46. h5 Rb6 47. Bc6+ Kd6 48. Kf5 Rb8 49. Kg6 Bb6 50. Rxg7 Be3 51. Rd7+ Ke5 52.
Re7+ Kf4 53. Re4+ {#r} 1-0

[Event "Hampstead U2200 Open Aug 2013"]
[Site "Hampstead"]
[Date "2013.08.24"]
[Round "1"]
[White "Gupta, Arul"]
[Black "Villiers, Thomas"]
[Result "0-1"]
[WhiteElo "1781"]
[BlackElo "1985"]
[EventRounds "6"]

1. e4 d5 2. exd5 Qxd5 3. Nc3 Qa5 4. d4 Nf6 5. Nf3 c6 6. Be2 g6 7. O-O Bg7 8.
Bg5 O-O 9. Qd2 Bf5 10. Rfe1 Nbd7 11. Bc4 Rfe8 12. Ne5 Nxe5 13. dxe5 Rad8 14.
Qc1 Ng4 15. e6 f6 16. Be3 Nxe3 17. Qxe3 Bxc2 18. Rac1 Qb4 19. Rxc2 Qxc4 20.
Qxa7 b5 21. Qe3 Rd3 22. Qe4 Rd4 23. Qe2 b4 24. b3 Qxe2 25. Nxe2 Rd6 26. Ng3 f5
27. f4 Bc3 28. Ree2 Rd1+ 29. Kf2 Bd4+ 30. Re3 Bxe3+ 31. Kxe3 Rd6 32. Rc4 Red8
33. Rxb4 Rxe6+ 34. Kf2 Rd2+ 35. Kf1 Rxa2 36. Rc4 Re3 37. Rxc6 Rxb3 38. Re6
Rb1+ 39. Re1 Rxe1+ 40. Kxe1 Rxg2 {#R} 0-1

[Event "Hampstead U2200 Open Aug 2013"]
[Site "Hampstead"]
[Date "2013.08.24"]
[Round "1"]
[White "Murphy, Conor"]
[Black "Wei, Naomi"]
[Result "1/2-1/2"]
[WhiteElo "1972"]
[BlackElo "1759"]
[EventRounds "6"]

1. Nf3 Nf6 2. g3 g6 3. b4 Bg7 4. Bb2 O-O 5. Bg2 c6 6. O-O a5 7. a3 axb4 8.
axb4 Rxa1 9. Bxa1 Qb6 10. c3 d5 11. d3 Re8 12. Nbd2 e5 13. e4 Bg4 14. Qc2 Nbd7
15. h3 Bxf3 16. Bxf3 Ra8 17. Qb3 dxe4 18. dxe4 Ne8 19. Bb2 Nf8 20. Nc4 Qc7 21.
Rd1 Ne6 22. Bc1 b5 23. Nb2 Rd8 24. Be3 Rd6 25. Ra1 Qd8 26. Ra7 Rd7 27. Ra6 Rd6
28. Qa2 N8c7 29. Ra7 Qb8 30. Bg4 Bf6 31. Qa5 Bd8 32. Bb6 Kg7 33. Nc4 bxc4 34.
Qxe5+ Bf6 35. Qxd6 Qxb6 36. Ra4 Bxc3 37. Kg2 Qb5 38. Ra7 Bxb4 39. Qd7 Qb6 40.
Bxe6 Qxa7 41. Qxf7+ Kh6 42. Qf4+ Kg7 43. Qf7+ Kh6 44. Qf4+ Kg7 45. Qe5+ Kh6
46. Qf4+ {#d} 1/2-1/2

[Event "Hampstead U2200 Open Aug 2013"]
[Site "Hampstead"]
[Date "2013.08.24"]
[Round "1"]
[White "Kalavannan, Koby"]
[Black "Thynne, Trefor F"]
[Result "1-0"]
[WhiteElo "1758"]
[BlackElo "1970"]
[EventRounds "6"]

1. d4 d5 2. c4 c6 3. Qc2 Nf6 4. Nf3 g6 5. g3 Bg7 6. Bg2 O-O 7. O-O Bf5 8. Qb3
Qb6 9. Nc3 dxc4 10. Qxc4 Be6 11. Qd3 h6 12. e4 Rd8 13. h3 Na6 14. a3 Nc7 15.
Be3 Qa6 16. Qc2 Rac8 17. Rac1 Nb5 18. Ne2 Nd7 19. Nf4 Nf8 20. Rfd1 Nd6 21. Bf1
b5 22. Nd2 Qb7 23. Nd3 Qb8 24. Nc5 Kh7 25. f4 Kh8 26. Kh2 Kg8 27. Bd3 Ne8 28.
Nf3 Nf6 29. Ne5 Rd6 30. Bf2 N8d7 31. Nexd7 Nxd7 32. e5 Nxc5 33. exd6 Nxd3 34.
Qxd3 Qxd6 35. b4 Bd5 36. Re1 e6 37. Qc2 Bc4 38. Be3 f5 39. Qf2 Qd5 40. Qg2
Qxg2+ 41. Kxg2 Bd5+ 42. Kf2 Kf7 43. Ra1 Rc7 44. a4 a6 45. axb5 axb5 46. Ra6
Bf8 47. Bd2 Bd6 48. Rea1 Kf6 49. Ra7 Rxa7 50. Rxa7 Be7 51. g4 Bd6 52. Rh7 fxg4
53. hxg4 Bf8 54. g5+ {#r} 1-0

[Event "Hampstead U2200 Open Aug 2013"]
[Site "Hampstead"]
[Date "2013.08.24"]
[Round "1"]
[White "Sucikova, Svetlana"]
[Black "Levene, Joseph"]
[Result "1-0"]
[WhiteElo "1962"]
[BlackElo "1729"]
[EventRounds "6"]

1. c4 e5 2. Nc3 Bb4 3. g3 Bxc3 4. bxc3 Nf6 5. Bg2 O-O 6. Nf3 Nc6 7. O-O d6 8.
d3 h6 9. Qc2 Be6 10. Ba3 Qd7 11. Rfe1 Bh3 12. Bh1 Ng4 13. Rab1 Rab8 14. d4 f5
15. Nh4 g5 16. Nf3 e4 17. Nd2 e3 18. fxe3 Nxe3 19. Qd3 f4 20. Qg6+ Qg7 21.
Qxg7+ Kxg7 22. gxf4 gxf4 23. Rec1 Kf6 24. Bf3 Rg8+ 25. Kf2 Ng4+ 26. Bxg4 Rxg4
27. Rg1 b6 28. Rxg4 Bxg4 29. h3 Bh5 30. Ne4+ Kf5 31. Rb5+ Kg6 32. Bc1 Re8 33.
Rxh5 Rxe4 34. Rh4 Re8 35. Rxf4 Na5 36. Rg4+ Kh7 37. d5 Nb7 38. Be3 Nc5 39.
Bxc5 bxc5 40. e3 Rb8 41. Kf3 Rb1 42. Re4 Kg6 43. Re7 Rb7 44. Kg4 a5 45. a4 Rb3
46. Rxc7 Rxc3 47. Rc6 Rxc4+ 48. Kf3 Rxa4 49. Rxd6+ Kg5 50. Rc6 Rc4 51. d6 Kf6
52. d7+ Ke7 53. Rd6 Kd8 54. e4 Rd4 55. Rxh6 Kxd7 56. Ra6 a4 57. Ke3 Rb4 58. h4
c4 59. h5 c3 60. h6 c2 61. Kd2 Rxe4 62. h7 Rh4 63. Rxa4 Rh2+ 64. Kc1 Ke7 65.
Ra8 {#r} 1-0

[Event "Hampstead U2200 Open Aug 2013"]
[Site "Hampstead"]
[Date "2013.08.24"]
[Round "1"]
[White "Nayak, Raghav"]
[Black "Millward, David J"]
[Result "1/2-1/2"]
[WhiteElo "1693"]
[BlackElo "1958"]
[EventRounds "6"]

1. e4 e5 2. Nf3 Nc6 3. Bb5 a6 4. Ba4 Nf6 5. O-O b5 6. Bb3 Be7 7. d3 O-O 8. c3
d6 9. Nbd2 Na5 10. Bc2 c5 11. Re1 Nc6 12. Nf1 Qc7 13. a4 Bb7 14. Ne3 Rfe8 15.
Nf5 Nd8 16. d4 Ne6 17. d5 Nf8 18. Qe2 c4 19. h3 Ng6 20. Be3 Bf8 21. a5 {#d}
1/2-1/2

[Event "Hampstead U2200 Open Aug 2013"]
[Site "Hampstead"]
[Date "2013.08.24"]
[Round "2"]
[White "Horton, Justin"]
[Black "Galan Fernandez, Felix"]
[Result "1/2-1/2"]
[WhiteElo "2090"]
[BlackElo "2000"]
[EventRounds "6"]

1. Nf3 Nf6 2. c4 g6 3. d4 Bg7 4. g3 O-O 5. Bg2 c5 6. O-O cxd4 7. Nxd4 Nc6 8.
Nc3 Nxd4 9. Qxd4 d6 10. Qd3 a6 11. Bd2 Nd7 12. b3 Nc5 13. Qc2 Rb8 14. Rac1 Bd7
15. Nd5 Bc6 16. Bc3 e6 17. Bxg7 Kxg7 18. Qc3+ f6 19. Nf4 Bxg2 20. Nxg2 Qe7 21.
Rfd1 Rfd8 22. Ne3 Rbc8 23. Qc2 f5 24. Qb2+ Qf6 25. Qxf6+ {#d} 1/2-1/2

[Event "Hampstead U2200 Open Aug 2013"]
[Site "Hampstead"]
[Date "2013.08.24"]
[Round "2"]
[White "Villiers, Thomas"]
[Black "Doci, Stefan"]
[Result "1-0"]
[WhiteElo "1985"]
[BlackElo "2076"]
[EventRounds "6"]

1. c4 g6 2. g3 Bg7 3. Bg2 d6 4. Nc3 c5 5. Nf3 Nc6 6. O-O Nf6 7. d4 Nd7 8. d5
Nce5 9. Nd2 O-O 10. f4 Ng4 11. Nf3 Nb6 12. Qd3 f5 13. Re1 e5 14. e4 fxe4 15.
Nxe4 Bf5 16. h3 Nf6 17. Nfg5 h6 18. Ne6 Bxe6 19. dxe6 Nxe4 20. Bxe4 exf4 21.
Bxg6 Bd4+ 22. Kh1 Qc8 23. Bxf4 Rf6 24. Kg2 Rxe6 25. Qf5 Rf6 26. Qh5 Qf8 27.
Be4 Qg7 28. Bd5+ Nxd5 29. Qxd5+ Qf7 30. Qxf7+ Kxf7 31. Re2 Re8 32. Rxe8 Kxe8
33. Re1+ Kf7 34. Rf1 Kg6 35. Rf3 Re6 36. Kf1 h5 37. Ra3 a6 38. Rb3 b5 39. cxb5
axb5 40. Rxb5 Kf5 41. Rb6 Be5 42. Bxe5 Kxe5 43. a4 Kd5 44. a5 Re4 45. b3 Re7
46. a6 Ra7 47. Ke2 Re7+ 48. Kd3 Rg7 49. g4 hxg4 50. hxg4 Rxg4 51. a7 Rg3+ 52.
Kc2 Rg2+ 53. Kb1 Rg1+ 54. Kb2 Rg2+ 55. Ka3 {#r} 1-0

[Event "Hampstead U2200 Open Aug 2013"]
[Site "Hampstead"]
[Date "2013.08.24"]
[Round "2"]
[White "Sucikova, Svetlana"]
[Black "Craft, Isaac"]
[Result "0-1"]
[WhiteElo "1962"]
[BlackElo "2010"]
[EventRounds "6"]

1. c4 Nf6 2. Nc3 e6 3. d4 c5 4. Nf3 cxd4 5. Nxd4 d6 6. Bg5 a6 7. e3 Be7 8. Be2
O-O 9. O-O Nbd7 10. Qc2 Qc7 11. Rfd1 Ne5 12. b3 b6 13. Ne4 Nxe4 14. Bxe7 Qxe7
15. Qxe4 Bb7 16. Qf4 Rad8 17. Nf3 Ng6 18. Qd4 Qc7 19. Qb2 e5 20. Rd2 f5 21.
Ne1 f4 22. exf4 Nxf4 23. Bf1 Rf6 24. g3 Qc6 25. f3 Ne6 26. Bg2 Qc5+ 27. Kh1
Ng5 28. f4 Ne4 29. Bxe4 Bxe4+ 30. Ng2 exf4 31. Rd4 Bxg2+ 32. Kxg2 f3+ 33. Kf2
Re8 34. Re1 Rxe1 35. Kxe1 f2+ 36. Kf1 Qh5 37. h4 Qf3 38. Rf4 Rxf4 39. gxf4
Qh1+ 40. Kxf2 Qh2+ {#R} 0-1

[Event "Hampstead U2200 Open Aug 2013"]
[Site "Hampstead"]
[Date "2013.08.24"]
[Round "2"]
[White "Prior, Stephen"]
[Black "Pietrzak, Tomasz"]
[Result "1-0"]
[WhiteElo "2006"]
[BlackElo "1935"]
[EventRounds "6"]

1. e4 d5 2. exd5 Qxd5 3. Nf3 Nf6 4. d4 Bf5 5. c4 Qe4+ 6. Be2 Qc2 7. O-O Qxd1
8. Rxd1 e6 9. Nc3 c6 10. d5 exd5 11. cxd5 Nxd5 12. Nxd5 cxd5 13. Rxd5 Bd7 14.
Be3 Be7 15. Ne5 Be6 16. Rb5 Nc6 17. Nxc6 bxc6 18. Rb7 Bf6 19. Bc5 a5 20. Bf3
Bd5 21. Re1+ Kd8 22. Bxd5 cxd5 23. Rxf7 Bxb2 24. Bb6+ Kc8 25. Rc7+ Kb8 26. Rb1
Ra6 27. Rc2 Rxb6 28. Rcxb2 Rxb2 29. Rxb2+ Kc7 30. f4 Kc6 31. Kf2 Re8 32. g4
Re7 33. Kf3 Kc5 34. f5 Kc4 35. g5 a4 36. a3 d4 37. h4 Re3+ 38. Kg4 Re7 39. f6
gxf6 40. gxf6 Rf7 41. Kf5 Kc3 42. Rb8 d3 43. Ke6 Ra7 44. f7 Rxf7 45. Kxf7 Kc2
46. Kg7 d2 47. Rc8+ Kb2 48. Rd8 Kc2 49. Kxh7 d1=Q 50. Rxd1 Kxd1 51. Kg6 Kc2
52. h5 Kb3 53. h6 Kxa3 54. h7 Ka2 55. h8=Q a3 56. Qc3 {#r} 1-0

[Event "Hampstead U2200 Open Aug 2013"]
[Site "Hampstead"]
[Date "2013.08.24"]
[Round "2"]
[White "Mondal, Prince"]
[Black "French, Angus"]
[Result "1/2-1/2"]
[WhiteElo "1933"]
[BlackElo "2003"]
[EventRounds "6"]

1. e4 Nf6 2. e5 Nd5 3. d4 d6 4. c4 Nb6 5. exd6 cxd6 6. Bd3 g6 7. Nc3 Bg7 8.
Be3 O-O 9. Nge2 Nc6 10. a3 e5 11. d5 Ne7 12. O-O Bf5 13. Bg5 Bxd3 14. Qxd3 h6
15. Bh4 Rc8 16. b3 a6 17. f3 Nd7 18. Ne4 Nc5 19. Nxc5 Rxc5 20. Rac1 Rc8 21. b4
Qd7 22. Rfd1 Nf5 23. Bf2 h5 24. Nc3 Rfe8 25. Ne4 Kf8 26. Be1 Ke7 27. Bd2 Rh8
28. c5 h4 29. cxd6+ Nxd6 30. Be3 Nxe4 31. fxe4 Bh6 32. Bc5+ Kf6 33. Rc2 Kg7
34. Rf2 Bf4 35. Rdf1 Qg4 36. Qf3 Qg5 37. Qc3 f6 38. Qh3 {#d} 1/2-1/2

[Event "Hampstead U2200 Open Aug 2013"]
[Site "Hampstead"]
[Date "2013.08.24"]
[Round "2"]
[White "Heaton, Paul"]
[Black "Kalavannan, Koby"]
[Result "0-1"]
[WhiteElo "2002"]
[BlackElo "1758"]
[EventRounds "6"]

1. c4 Nf6 2. g3 g6 3. Bg2 Bg7 4. Nf3 d6 5. Nc3 O-O 6. O-O Nc6 7. Rb1 e5 8. b4
Nh5 9. b5 Ne7 10. Bb2 f5 11. d3 f4 12. Nd2 g5 13. Nd5 Nxd5 14. Bxd5+ Kh8 15.
a4 Qe8 16. Ba3 Rf6 17. Ne4 Rg6 18. Nc3 Rh6 19. Bg2 Nf6 20. e3 fxe3 21. Ne4 Ng4
22. Nxg5 exf2+ 23. Rxf2 Nxf2 24. Kxf2 Rxh2 25. Kg1 Rh6 26. Bd5 Rf6 27. Bc1 Rb8
28. g4 Bd7 29. c5 dxc5 30. Qb3 Bxg4 31. Nf7+ Rxf7 32. Bxf7 Qe7 33. Rb2 Rf8 34.
Rf2 Qh4 35. Bd2 Bh3 {#R} 0-1

[Event "Hampstead U2200 Open Aug 2013"]
[Site "Hampstead"]
[Date "2013.08.24"]
[Round "2"]
[White "Kahn, Tito"]
[Black "Nayak, Raghav"]
[Result "1/2-1/2"]
[WhiteElo "2020"]
[BlackElo "1693"]
[EventRounds "6"]

1. d4 Nf6 2. Nf3 e6 3. e3 c5 4. b3 Nc6 5. Bb2 Be7 6. Bd3 O-O 7. O-O cxd4 8.
exd4 a6 9. Nbd2 Qc7 10. a3 b5 11. Re1 Bb7 12. Ne4 d6 13. Qe2 b4 14. Qd2 Qb6
15. a4 a5 16. Rad1 Ba6 17. Qf4 Bxd3 18. Rxd3 Nxe4 19. Rxe4 d5 20. Re1 Rac8
{#d} 1/2-1/2

[Event "Hampstead U2200 Open Aug 2013"]
[Site "Hampstead"]
[Date "2013.08.24"]
[Round "2"]
[White "Millward, David J"]
[Black "Murphy, Conor"]
[Result "0-1"]
[WhiteElo "1958"]
[BlackElo "1972"]
[EventRounds "6"]

1. e4 c5 2. Nc3 Nc6 3. f4 g6 4. Nf3 Bg7 5. g3 e6 6. Bg2 Nge7 7. O-O O-O 8. d3
d6 9. Qe2 Nd4 10. Nxd4 cxd4 11. Nd1 Qc7 12. b3 Bd7 13. Bb2 Rac8 14. Rc1 b5 15.
c4 dxc3 16. Nxc3 Qb6+ 17. Kh1 f5 18. Nb1 Bxb2 19. Qxb2 Nc6 20. exf5 gxf5 21.
Nd2 Qd4 22. Qxd4 Nxd4 23. Rfe1 Nc2 24. Red1 Nb4 25. Nf1 Nxa2 26. Rxc8 Rxc8 27.
Rd2 Nb4 28. Ne3 Rc3 {#R} 0-1

[Event "Hampstead U2200 Open Aug 2013"]
[Site "Hampstead"]
[Date "2013.08.24"]
[Round "2"]
[White "Wei, Naomi"]
[Black "Kalerwa, Edwin"]
[Result "0-1"]
[WhiteElo "1759"]
[BlackElo "1782"]
[EventRounds "6"]

1. d4 Nf6 2. c4 e6 3. Nf3 d5 4. Nc3 Bb4 5. Bg5 Nbd7 6. e3 h6 7. Bxf6 Qxf6 8.
Bd3 c6 9. O-O g5 10. cxd5 exd5 11. a3 Bxc3 12. bxc3 O-O 13. Re1 Re8 14. e4 g4
15. Nd2 Nf8 16. Qb3 Qg5 17. Rad1 Be6 18. Qxb7 Rab8 19. Qxc6 Rec8 20. Qa4 Rb2
21. Nb1 Rcb8 22. Rc1 dxe4 23. Bc4 Qf4 24. Rf1 Rxf2 25. Bxe6 Nxe6 26. Rxf2
Qxc1+ 27. Rf1 Qe3+ 28. Kh1 Qd3 29. Qd1 Qxd1 30. Rxd1 e3 31. d5 Nc5 32. g3 Kf8
33. c4 Rb3 34. Kg1 e2 35. Re1 Nd3 36. Rxe2 Rxb1+ 37. Kg2 Rb2 38. Rxb2 Nxb2 39.
c5 Ke7 40. h3 h5 41. hxg4 hxg4 42. Kf1 Nd3 43. c6 Kd6 44. Ke2 Ne5 45. Ke3 Nc4+
46. Kf4 Nxa3 47. Kxg4 a5 48. Kf3 Nb5 49. Ke4 a4 50. Kd3 Kxd5 51. c7 Nxc7 52.
Kc3 Nb5+ 53. Kb4 a3 54. Kb3 Ke4 55. g4 Kf4 56. g5 Kxg5 {#R} 0-1

[Event "Hampstead U2200 Open Aug 2013"]
[Site "Hampstead"]
[Date "2013.08.24"]
[Round "2"]
[White "Bryant, Jonathan"]
[Black "Willmoth, Robert"]
[Result "0-1"]
[WhiteElo "1911"]
[BlackElo "2174"]
[EventRounds "6"]

1. Nf3 d6 2. d4 Bg4 3. c4 Nd7 4. Nc3 e5 5. g3 g6 6. Bg2 Bg7 7. O-O Ne7 8. dxe5
dxe5 9. Qc2 O-O 10. h3 Be6 11. b3 h6 12. Bb2 c6 13. Qd2 Re8 14. Rfd1 Kh7 15.
Ne4 Qc7 16. Nd6 Red8 17. Qe3 f6 18. Rd2 Nf8 19. Rad1 b6 20. Ne4 Rxd2 21. Qxd2
Re8 22. Nc3 Nc8 23. Ne1 f5 24. e4 f4 25. g4 g5 26. Nc2 Ng6 27. Na4 Bf6 28. c5
b5 29. Nc3 a5 30. b4 axb4 31. Nxb4 Be7 32. Bf1 Nh4 33. Qc1 Rh8 34. Nd3 Bf6 35.
Nb4 h5 36. Bxb5 cxb5 37. Ncd5 Qg7 38. Nc6 Bxd5 39. exd5 hxg4 40. d6 Qb7 41.
Qc2+ Kg7 42. Qe4 Na7 43. Bxe5 Qxc6 44. Bxf6+ Kxf6 45. Qe7+ Kg6 46. Qe6+ Kh7
47. Qf7+ Kh6 48. Qf6+ Ng6 49. Qf7 gxh3 50. Rd5 Rf8 51. Qe6 Re8 52. Qxh3+ Kg7
53. Qd3 Qd7 54. Rxg5 Re6 55. Qd4+ Rf6 56. Qd3 Nc6 57. f3 Nd8 58. Qe4 Qe6 59.
Qa8 Nf7 60. Qb7 Qe1+ 61. Kh2 Qh4+ {#R} 0-1